000 00804nam a2200241 i 4500
003 IT-RoINE
005 20180423090925.0
008 900306s1989 sp r ||||||cat d
020 _a8478260137
040 _aSzZuIDS BS/BE A100
_cIT-RoINE
_dIT-RoINE
100 1 _aMiracle, Josep,
_91582
_d1904-1998
245 1 0 _aEstudios sobre Jacint Verdaguer /
_cJosep Miracle.
260 _a[S.l.] :
_bPublicacions de l'Abadia de Montserrat,
_c1989.
300 _c199 p. ;
_a19 cm.
336 _aText
_btxt
_2rdacontent
337 _2rdamedia
_aunmediated
338 _2rdacarrier
_avolume
490 1 _aBiblioteca Serra d'or ;
_v86
504 _aIncluye apèndice.
600 1 4 _aVerdaguer, Jacint,
_d1845-1902
_xCrítica e interpretación
_934613
830 0 _95956
_aBiblioteca Serra d'or ;
_v86
942 _cMTS
999 _c12292
_d12292